000 00482nam a2200193Ia 4500
005 20240823014158.0
008 240823s9999||||xx |||||||||||||| ||und||
020 _a81-7409-068--1
041 _aENGLISH
082 _A621 P4
100 _aPrasad I B
245 0 _aApplied Mechanics : Dynamics and Statics
250 _a19th
260 _c2000
_b"Khanna Publishders,"
_aNew Delhi
500 _aTRANSFERED
650 _aMechanics
_bMechanical
942 _cBK
999 _c169344
_d169344